000 02758nas a2200325 a 4500
008 070307c19979999||||||||||||||||| || u
050 _aIFAD(058)AR
110 _aUnited Nations International Fund for Agricultural Development (IFAD)
245 1 0 _aIFAD annual report: enabling the rural poor to overcome poverty
260 _aRome
_bInternational Fund for Agricultural Development (IFAD)
_c1997
300 _avii, 161 pages : illustrations
350 _a0.00
362 1 _a<p>1996; 1997; 1998; 1999; 2000; 2001; 2002; 2003; 2004; 2005; 2006; 2007; 2008; 2010</p>
650 _aPOOR--RESEARCH--DEVELOPING COUNTRIES
650 0 _aECONOMIC ASSISTANCE
650 _aPOVERTY REDUCTION
995 _aSPECIAL COLLECTIONS
_e023621
_FCBU-MAIN LIBRARY (Kitwe)
_I0.00
_jIFAD(058)AR/1997
_M2
_UAVAILABLE
_WAug 30, 2012
_y023621
_ZInternational Publications
995 _aSPECIAL COLLECTIONS
_e028398
_FCBU-MAIN LIBRARY (Kitwe)
_I0.00
_jIFAD(058)AR/1999
_M4
_UAVAILABLE
_WAug 30, 2012
_y028398
_ZInternational Publications
995 _aSPECIAL COLLECTIONS
_e03002595
_FCBU-MAIN LIBRARY (Kitwe)
_I0.00
_jIFAD(058)AR/2006
_M10
_UAVAILABLE
_WAug 30, 2012
_y03002595
_ZInternational Publications
995 _aSPECIAL COLLECTIONS
_e156
_FCBU-MAIN LIBRARY (Kitwe)
_I0.00
_jIFAD(058)AR/2004
_M9
_UAVAILABLE
_WAug 30, 2012
_yB156
_ZInternational Publications
995 _aSPECIAL COLLECTIONS
_e154
_FCBU-MAIN LIBRARY (Kitwe)
_I0.00
_jIFAD(058)AR/2001
_M6
_UAVAILABLE
_WAug 30, 2012
_yB154
_ZInternational Publications
995 _aSPECIAL COLLECTIONS
_e155
_FCBU-MAIN LIBRARY (Kitwe)
_I0.00
_jIFAD(058)AR/2002
_M7
_UAVAILABLE
_WAug 30, 2012
_yB155
_ZInternational Publications
995 _aSPECIAL COLLECTIONS
_e153
_FCBU-MAIN LIBRARY (Kitwe)
_I0.00
_jIFAD(058)AR/1996
_M1
_UAVAILABLE
_WAug 30, 2012
_yB153
_ZInternational Publications
995 _aSPECIAL COLLECTIONS
_e9789290722380
_FCBU-MAIN LIBRARY (Kitwe)
_I0.00
_jIFAD(058)AR/2010
_M13
_UAVAILABLE
_WAug 30, 2012
_y9789290722380
_ZInternational Publications
995 _aSPECIAL COLLECTIONS
_e027667
_FCBU-MAIN LIBRARY (Kitwe)
_I0.00
_jIFAD(058)AR/1998
_M3
_UAVAILABLE
_WAug 30, 2012
_y027667
_ZInternational Publications
995 _aSPECIAL COLLECTIONS
_e9789290720737
_FCBU-MAIN LIBRARY (Kitwe)
_I0.00
_jIFAD(058)AR/2008
_M12
_UAVAILABLE
_WAug 30, 2012
_y9789290720737
_ZInternational Publications
995 _aSPECIAL COLLECTIONS
_e03003808
_FCBU-MAIN LIBRARY (Kitwe)
_I0.00
_jIFAD(058)AR/2007
_M11
_UAVAILABLE
_WAug 30, 2012
_y03003808
_ZInternational Publications
995 _aSPECIAL COLLECTIONS
_e45452
_FCBU-MAIN LIBRARY (Kitwe)
_I0.00
_jIFAD(058)AR/2000
_M5
_UAVAILABLE
_WAug 30, 2012
_y45452
_ZInternational Publications
995 _aSPECIAL COLLECTIONS
_e03001684
_FCBU-MAIN LIBRARY (Kitwe)
_I0.00
_jIFAD(058)AR/2003
_M8
_UAVAILABLE
_WAug 30, 2012
_y03001684
_ZInternational Publications
999 _c76292
_d76292